| Registos Bibliográficos associados ao registo de autoridade |
|
Etiqueta de registo: 00760cam 02200253 04500 001 20364 003 http://id.bnportugal.gov.pt/bib/catbnp/20364 005 20021118140100.0 095 ## $aPTBN00020842 100 ## $a19870501d1981 m d0pory0103 ba 101 0# $apor 102 ## $aPT 105 ## $ay z 001yy 106 ## $ar 200 1# $aLista dos índices e inventários$fCâmara Municipal do Porto - Arquivo Histórico 210 #9 $aPorto$cC. M. A. H.,$d1981 215 ## $a31, [1] p.$d24 cm 675 ## $a930.255(469.121)$vBN$zpor$3342899 710 01 $aPorto.$bArquivo Histórico Municipal$3324235 801 #0 $aPT$bBN$gRPC 966 ## $lBN$mFGMON$sB. 6788 V. 966 ## $lBN$mFGMON$pBiblioteca Cordeiro Pereira$sB. 12546 V.$x3 997 ## $aBIBEOD 998 ## $aFSE54 - 00012
Etiqueta de registo: 00906cam 2200253 450 001 1090888 003 http://id.bnportugal.gov.pt/bib/catbnp/1090888 005 20030421112200.0 021 ## $aPT$b182610/02 100 ## $a20020911d2002 da y0pory0103 ba 101 1# $apor$aeng 102 ## $aPT 105 ## $aa z 000yy 106 ## $ar 200 1# $aBrincar e aprender com as moedas$enovos modelos gráficos$dPlaying and learning with currencies$enew graphic models$forg. Câmara Municipal do Porto. Arquivo Histórico$zeng 210 #9 $aPorto$cFundação para o Desenvolvimento da Zona Histórica,$d2002 215 ## $a[24] p.$cil.$d20 cm 305 ## $aed. bilingue em português e inglês 510 1# $aPlaying and learning with currencies$zeng 606 ## $2SIPOR$31143514 675 ## $a741-053.2(083.81)$3854151 675 ## $a061.4$vBN$zpor$3288771 712 01 $aPorto.$bArquivo Histórico Municipal$4273$3324235 966 ## $lBN$mFGMON$sB.A. 6541 P.$x1 966 ## $lBN$mFGMON$sB.A. 6541 P.$x1
Etiqueta de registo: 00691cas 2200241 450 001 1096870 003 http://id.bnportugal.gov.pt/bib/catbnp/1096870 005 20021217123100.0 011 ## $a1645-5363 021 ## $aPT$b185236/02 100 ## $a20030901a20029999m y0pory01030103ba 101 0# $apor 102 ## $aPT 106 ## $ar 110 ## $aayyzz 0xx0 200 1# $aCasa do Infante$fpropr. Departamento de Arquivos da CMP - Arquivo Histórico Municipal do Porto$gdir. Manuel Luís Real 207 #0 $aNº 1 (Set. 2002)- 210 #9 $aPorto$cA.H.M.P.,$d2002- 215 ## $d37 cm 530 0# $aCasa do Infante 620 ## $dPorto 675 ## $a94(469.411)(05)$vBN$zpor$31121172 702 #1 $aReal,$bManuel Luís$4650$3111277 712 01 $aPorto.$bArquivo Histórico Municipal$4650$3324235 801 #0 $aPT$bBN$gRPC 966 ## $lBN$mFGJOR$sJ. 6384 V.$x1
Etiqueta de registo: 00230nkm 2200025 450 001 1694799 003 http://id.bnportugal.gov.pt/bib/catbnp/1694799 100 ## $a20081110f19801990m d0pory0103 ba 101 0# $apor 102 ## $aPT 200 1# $aTradicional Casa do Infante$bVisual gráfico]$eantiga Alfândega, onde actualmente funciona o Arquivo Histórico 210 #9 $aPorto$cArquivo Histórico,$d[198-?] 215 ## $a1 postal$ccolor.$d15x11 cm 306 ## $aData provável segundo características formais 675 ## $a930.253(469.121)(084.0)$vBN$zpor$31350404 712 01 $aPorto.$bArquivo Histórico Municipal$4340$3324235 801 #0 $aPT$bBN$gRPC 966 ## $lBN$mICONOG$sP.I. 28434 P.$x3 997 ## $aBIBEOD
Etiqueta de registo: 00230nkm 2200025 450 001 1694792 003 http://id.bnportugal.gov.pt/bib/catbnp/1694792 100 ## $a20081110f19801990m d0pory0103 ba 101 0# $apor 102 ## $aPT 200 1# $aForal da cidade do Porto (1517)$bVisual gráfico]$epágina iluminada, com as armas municipais 210 #9 $aPorto$cArquivo Histórico,$d[198?-] 215 ## $a1 cartaz$ccolor.$d15x11 cm 306 ## $aData provável segundo características formais 675 ## $a352(469.121)(084.0)$vBN$zpor$31350461 675 ## $a94(469.121Porto)(084.0)$vBN$zpor$31350462 712 01 $aPorto.$bArquivo Histórico Municipal$4340$3324235 801 #0 $aPT$bBN$gRPC 966 ## $lBN$mICONOG$sP.I. 28447 P.$x3 997 ## $aBIBEOD
Etiqueta de registo: 00230nas 2200025 450 001 1357597 003 http://id.bnportugal.gov.pt/bib/catbnp/1357597 100 ## $a20060102g19839999m--y0pory0103 ba 101 0# $apor 102 ## $aPT 105 ## $aeh--b---000yy 106 ## $ar 200 1# $aPorto, projectar a cidade $bMaterial cartográfico]$fArquivo Histórico da Câmara Municipal do Porto$gdirecção gráfica Armando Alves 210 #9 $aPorto$cArquivo Histórico da Câmara Municipal do Porto,$d1983 215 ## $a1 albúm, [1] página de texto, 4 plantas$cilustrado$d36,00x27,80 cm 225 2# $aPorto, projectar a cidade$fArquivo Histórico da Câmara Municipal do Porto,$h1º 324 ## $aReprodução de quatro plantas da cidade do Porto, manuscritas, de diferentes autores,
com datas compreendidas entre 1761 e 1848. 327 1# $a1 : "Planta do sitio dos laranjaes que tirou o Sarg. to mor de Infantr.ª em exercisio
de engenhrº FRancisco Xavier do Rego por ordem do Gov.ºs das Armas do partido do Porto,
p.ª nelle se construir hum novo bairro que os moradores pretendem edificar com a permissão
da Camara desta cidade, 1761" $a2 : "Planta mostrando a convexidade da Praça Nova, lado sul, desde S.tº Eloy até à
porta de Carros, por José Champalimaud de Nussane, 1790"$a3 : "Prespecto da Rua nova de S. Antonio, que principia do Obelisco p.ª baixo, por
António Pinto de Miranda, 1794" $a4 : "Mapa geographico do Sitio de Fradélios, comprehendendo parte da rua de S.tª Catharina,
rua do Bolhão e Bomjardim; mostrando igualmente os becos, e vièllas, e mais objectos
que dentro desta circumferencia existem; os quais vão notádos com seus nomes competentes,
por Luís Inácio de Barros Lima, 1810"$a5 : "Plano ichnografico da Bibliotheca publica, no qual se mostra na parte banhada
de cor escura o que se acha construido, e na parte banhada de cor vermelha o que se
deverá faser para tornar o edifício regular e symetrico..., por Nogueira Júnior, 1848"
675 ## $a711.5(469.121)(084.3)$vBN$zpor$3299988 675 ## $a913(4.691.21)(084.3)$vBN$zpor 675 ## $a912"19"(084.3)$vBN$zpor$3299973 702 #1 $aAlves,$bArmando,$f1935-2026$4130$39843 710 01 $aPorto.$bArquivo Histórico Municipal$3324235 801 #0 $aPT$bBN$gRPC 966 ## $c1$lBN$mCARTOG$sC.A. 525 V. $x3
Etiqueta de registo: 01007cam 2200313 450 001 686935 003 http://id.bnportugal.gov.pt/bib/catbnp/686935 005 19990107000000.0 010 ## $a972-605-040-5 021 ## $aPT$b105772/96 095 ## $aPTBN00900529 100 ## $a19970609d1996 m d0pory0103 ba 101 0# $apor 102 ## $aPT 105 ## $aa z 000yy 106 ## $ar 200 1# $aMarco-Ribeira Douro$fCâmara Municipal do Porto. Arquivo Histórico 210 #9 $aPorto$cC.M. A.H.,$d1996 215 ## $a[88] p.$cil.$d33 cm 300 ## $aEdição comemorativa da classificação da Ribeira Portuense como Património Cultural
da Humanidade 600 #0 $2SIPOR$3259825 607 ## $2SIPOR$3259828 675 ## $a77 Marco, pseud.$vBN$zpor$3689290 675 ## $a908(469.121)$vBN$zpor$3290971 710 01 $aPorto.$bArquivo Histórico Municipal$3324235 801 #0 $aPT$bBN$gRPC 966 ## $c2$lBN$mFGMON$sB.A. 2212 A.$x1 966 ## $c2$lBN$mFGMON$sB.A. 2212 A.$x1
Etiqueta de registo: 00785cam 02200229 04500 001 104852 003 http://id.bnportugal.gov.pt/bib/catbnp/104852 005 19981120061800.0 095 ## $aPTBN00108988 100 ## $a19870803d1987 am.d0pora0103 ba 101 0# $apor 102 ## $aPT 200 1# $aPonte Luís I$e1886-1986$fArquivo Histórico Municipal do Porto 210 #9 $aPorto$cA.M.,$d1986 215 ## $a1 pasta (12 f.)$ctotalmente il., color.$d11x22 cm 300 ## $aRep. de obras pertencentes a diferentes instituições 300 ## $aEd. comemorativa da 1º centenário da construção da ponte 330 ## $aProjectos vários e elementos decorativos 675 ## $a725.95(469.121)Ponte D. Luís(084.1)$vBN$zpor$3324234 710 01 $aPorto.$bArquivo Histórico Municipal$3324235 801 #0 $aPT$bBN$gRPC 966 ## $lBN$mICONOG$sE.A. 240 P. 997 ## $aBIBEOD 998 ## $aBN019 - 00080
Etiqueta de registo: 01279cam 2200361 450 001 369001 003 http://id.bnportugal.gov.pt/bib/catbnp/369001 005 20011012112300.0 010 ## $a972-605-030-8 021 ## $aPT$b55844/92 095 ## $aPTBN00393679 100 ## $a19921015d1992 m d0pory0103 ba 101 0# $apor 102 ## $aPT 105 ## $aa b 001yy 106 ## $ar 200 1# $a Uma cartografia exemplar$e o Porto em 1892$eexposição comemorativa do 1º centenário da carta topográfica de A. G. Teles Ferreira$fArquivo Histórico Municipal do Porto$gcoord. Manuel Luís Real 210 #9 $aPorto$cCâmara Municipal,$d1992 215 ## $a114, [3] p.$cil.$d22 cm 607 ## $2SIPOR$399687 675 ## $a908.469.121(084.3)$vBN$zpor$3504888 675 ## $a061.4(469.121)"1992"$vBN$zpor$3487411 675 ## $a912$vBN$zpor$3290687 710 01 $aPorto.$bArquivo Histórico Municipal$3324235 801 #0 $aPT$bBN$gRPC 966 ## $c2$lBN$mFGMON$sH.G. 40831 V.$x1 966 ## $c2$lBN$mFGMON$sH.G. 40831 V.$x1 997 ## $aBIBEOD
Etiqueta de registo: 00915cam 2200253 450 001 323769 003 http://id.bnportugal.gov.pt/bib/catbnp/323769 005 19981229000000.0 095 ## $aPTBN00339857 100 ## $a19910705d1941 k y0pory0103 ba 101 0# $apor 102 ## $aPT 200 1# $a O Porto nos centenários$f[org. pelo Gabinete de História da Cidade$gtexto de António Augusto Ferreira da Cruz$gdesenhos de José Luís Brandão de Carvalho$gfotografias de Platão Mendes] 210 #9 $aPorto$cCâmara Municipal,$d1941 215 ## $a109 p.$cil.$d33 cm 675 ## $a908(469.121)$vBN$zpor$3290971 700 #1 $aCruz,$bAntónio,$f1911-1989$355141 702 #1 $aCarvalho,$bJosé Luís Brandão de,$f1900-1962$4410$337812 702 #1 $aMendes,$bPlatão,$f1905-1986$4600$3137687 712 01 $aPorto.$bArquivo Histórico Municipal$4340$3324235 801 #0 $aPT$bBN$gRPC 966 ## $lBN$mFGMON$sH.G. 7651 A. 997 ## $aBIBEOD
Etiqueta de registo: 00737cam 2200229 450 001 250210 003 http://id.bnportugal.gov.pt/bib/catbnp/250210 005 20011029133000.0 021 ## $aPT$b39757/90 095 ## $aPTBN00260355 100 ## $a19900927d1990 m d0pory0103 ba 101 0# $apor 102 ## $aPT 105 ## $aa z 001yy 106 ## $ar 200 1# $a A Alfândega do Porto e o despacho aduaneiro$eexposição$forg. Arquivo Histórico Municipal do Porto 210 #9 $aPorto$cCasa do Infante,$d1990 215 ## $a222 p.$cil.$d26 cm 606 ## $2SIPOR$319419 675 ## $a725.1(469.121)(091)$vBN$zpor$3326022 675 ## $a336.4(469.121)(091)$vBN$zpor$3431754 675 ## $a061.4(469.121)"1990"$vBN$zpor$3424860 710 01 $aPorto.$bArquivo Histórico Municipal$3324235 966 ## $c2$lBN$mFGMON$sB.A. 11282 V.$x1 966 ## $c2$lBN$mFGMON$sB.A. 11282 V.$x1 966 ## $lBN$mFGMON$pBiblioteca Cordeiro Pereira$sB.A. 19803 V.$x3 997 ## $aBIBEOD
Etiqueta de registo: 01309cam 02200337 04500 001 216945 003 http://id.bnportugal.gov.pt/bib/catbnp/216945 005 19981201092400.0 095 ## $aPTBN00224698 100 ## $a19900119d1989 m d0pory0103 ba 101 0# $apor 102 ## $aPT 105 ## $aa z 000yy 106 ## $ar 200 1# $a O Porto e outros lugares$eexposição de aguarelas, óleos, desenhos e esculturas de António Cruz$forg. Arquivo Histórico Municipal do Porto em colaboração com a Editorial O Oiro do
Dia 210 #9 $aPorto$cCâmara Municipal$cO Oiro do Dia,$d1989 215 ## $a93, [2] p.$cil$d28 cm 300 ## $aComemorativas do cinquentenário da 1a. exposição do pintor (Porto, Salão de Silva
Porto, Novembro 1939) 312 ## $aTít. da capa: António Cruz 512 1# $aAntónio Cruz 600 #1 $2SIPOR$310976 675 ## $a74/75 Cruz, António(083.81)$vBN$zpor$3407769 675 ## $a061.4(469.121)"1989/1990"$vBN$zpor$3407770 710 01 $aPorto.$bArquivo Histórico Municipal$3324235 711 02 $aEditorial O Oiro do Dia$4070$3407771 801 #0 $aPT$bBN$gRPC 966 ## $c2$lBN$mFGMON$sB.A. 11055 V.$x1 966 ## $c2$lBN$mFGMON$sB.A. 11055 V.$x1 997 ## $aBIBEOD
Etiqueta de registo: 00721c 022001931 04500 001 75609 003 http://id.bnportugal.gov.pt/bib/catbnp/75609 005 19981118021100.0 095 ## $aPTBN00078641 100 ## $a19950301d1916 m d0pora0103 ba 101 0# $apor 102 ## $aPT 200 1# $aÍndice e sumários por ordem cronológica de todos os documentos de interesse geral
histórico desde os mais antigos, até o ano de 1847, existentes no Arquivo Municipal
do Porto$felab. Jaime de Macedo e Vasconcelos 210 #9 $aPorto$cCâmara Municipal,$d1916 215 ## $a1 v.$d23 cm 702 #1 $aVasconcelos,$bJaime de,$f1873-1942$4070$351821 710 01 $aPorto.$bArquivo Histórico Municipal$3324235 801 #0 $aPT$bBN$gRPC 856 40 $2Cópia digital disponível em Archive.org $uhttps://archive.org/details/ndiceesumrio00opor/page/n8 966 ## $lBN$mFGMON$sB.A.D. 140 A. $x0 998 ## $aCR204 - 00009
Etiqueta de registo: 00845c 02200253 04500 001 72669 003 http://id.bnportugal.gov.pt/bib/catbnp/72669 005 19981117221500.0 095 ## $aPTBN00075133 100 ## $a19851201d1985 km d0pora0103 ba 101 0# $apor 102 ## $aPT 200 1# $aE... viva a limpeza!$e o testemunho do Porto ao longo dos tempos$fPelouro da Limpeza e Serviços Gerais da Câmara Municipal do Porto, Arquivo Histórico
do Porto 210 #9 $aPorto$cC.M.,$d1985 215 ## $a50, [2] p.$cil.$d30 cm 300 ## $aCatálogo 675 ## $a316.3"19/20"$vmed$zpor$3288192 675 ## $a628.4$vmed$zpor$3313894 675 ## $a7.04$vmed$zpor$3289880 675 ## $a061.4(469)"1985"$vmed$zpor$3294747 710 01 $aPorto.$bCâmara Municipal.$bPelouro da Limpeza e Serviços Gerais$3198304 711 01 $aPorto.$bArquivo Histórico Municipal$4070$3324235 801 #0 $aPT$bBN$gRPC 966 ## $lBN$mFGMON$sS.C. 57836 V. 997 ## $aBIBEOD 998 ## $aCR112 - 00168
Etiqueta de registo: 00882cam 02200253 04500 001 26543 003 http://id.bnportugal.gov.pt/bib/catbnp/26543 005 19981112000000.0 095 ## $aPTBN00027286 100 ## $a19841101g19839999km d0pora0103 ba 101 0# $apor 102 ## $aPT 200 1# $aPorto$eprojectar a cidade$fCâmara Municipal. Arquivo Histórico 210 #9 $aPorto$cC. M., Arquivo Histórico,$d1983- 215 ## $av.$ctodo il.$d35 cm 675 ## $a711$vmed$zpor$3288856 710 01 $aPorto.$bArquivo Histórico Municipal$3324235 801 #0 $aPT$bBN$gRPC 966 ## $lBN$mFGMON$sB.A.C. 67 A. 997 ## $aBIBEOD 998 ## $aFSE71 - 00059
Etiqueta de registo: 00254nkm 2200109 450 001 2288777 003 http://id.bnportugal.gov.pt/bib/catbnp/2288777 100 ## $a20260624d1994 am y0pory01030103ba 101 0# $apor 102 ## $aPT 200 1# $aCartografia impressa dos séculos XVI e XVII: imagens de Portugal e ilhas atlânticas,
exposição, instalações do CRUARB, 29 de julho a 11 de setembro de 1994$bVisual gráfico]$forganização: Comissão Municipal Infante 94, Comissão Nacional para as Comemorações
dos Descobrimentos Portugueses$gprodução: Arquivo Histórico Municipal do Porto$gfotografia de João Paulo Sottomayor 210 #9 $a[Porto]$cComissão Municipal Infante 94$cComissão Nacional para as Comemorações dos Descobrimentos Portugueses,$d1994$ePorto :$gSimão Guimarães Filhos, Lda.) 215 ## $a1 cartaz$ccolor.$d68,5x46 cm 317 ## $aColeção Madeira Luís 330 ## $aFotografia do exterior do edifício do Arquivo Histórico Municipal do Porto 675 ## $a061.4(469.121)"1994"(084.5)$vBN$zpor$3588850 675 ## $a766(=1:469)"199"(084.5)$vBN$zpor$3589138 702 #1 $aSotomayor,$bJoão Paulo,$f1942-$4600$31628963 710 01 $aPorto.$bComissão Municipal Infante 94$3195041 711 01 $aPortugal.$bComissão Nacional para as Comemorações dos Descobrimentos Portugueses$4070$331063 712 01 $aPorto.$bArquivo Histórico Municipal$4630$3324235 801 #0 $aPT$bBN$gRPC 966 ## $lBN$mICONOG$pFrancisco Madeira Luís$sCT. 25955 A.$x3 971 ## $ctoliveira$d20260624
Etiqueta de registo: 00254nkm 2200109 450 001 2288817 003 http://id.bnportugal.gov.pt/bib/catbnp/2288817 100 ## $a20260624d1986 am y0pory01030103ba 101 0# $apor 102 ## $aPT 200 1# $aPorto - Gaia: as travessias do rio Douro, exposição integrada no 1º congresso internacional
sobre o rio Douro e comemorativa do 1º centenário da inauguração da ponte Luís I,
Casa do Infante, 27 de abril-31 de agosto 1986$bVisual gráfico]$f[org. Arquivo Histórico Municipal do Porto]$gfotografia de João Paulo Sottomayor 210 #9 $a[Porto$cArquivo Histórico Municipal do Porto],$d1986$ePorto :$gSimão Guimarães Filhos, Lda.) 215 ## $a1 cartaz$ccolor.$d68,5x46 cm 304 ## $aMenção de responsabilidade principal retirada da referência externa 317 ## $aColeção Madeira Luís 321 ## $ahttp://id.bnportugal.gov.pt/bib/porbase/2152655 [consult. 2026-06-25] 330 ## $aFotografia do exterior do edifício do Arquivo Histórico Municipal do Porto 675 ## $a061.4(469.121)"1986"(084.5)$vBN$zpor$3302430 675 ## $a766(=1:469)"198"(084.5)$vBN$zpor$31302430 702 #1 $aSotomayor,$bJoão Paulo,$f1942-$4600$31628963 710 01 $aPorto.$bArquivo Histórico Municipal$3324235 801 #0 $aPT$bBN$gRPC 966 ## $lBN$mICONOG$pFrancisco Madeira Luís$sCT. 25957 A.$x3 971 ## $ctoliveira$d20260625
Etiqueta de registo: 00254nkm 2200109 450 001 2288808 003 http://id.bnportugal.gov.pt/bib/catbnp/2288808 100 ## $a20260624d1984 am y0pory01030103ba 101 0# $apor 102 ## $aPT 200 1# $a O Porto antigo: projectos para a cidade (sécs. XVIII-XIX), exposição, Casa do Infante,
julho-agosto 1984$bVisual gráfico]$f[org. Arquivo Histórico Municipal do Porto]$g[fotografia de João Paulo Sottomayor] 210 #9 $a[Porto$cArquivo Histórico Municipal do Porto],$d1984$ePorto :$gSimão Guimarães Filhos, Lda.) 215 ## $a1 cartaz$ccolor.$d68,5x46 cm 304 ## $aMenção de responsabilidade principal retirada da referência externa 304 ## $aMenção de responsabilidade secundária atribuída por comparação com outros cartazes
com a mesma fotografia 317 ## $aColeção Madeira Luís 321 ## $ahttps://opac.cm-gaia.pt/cgi-bin/koha/opac-detail.pl?biblionumber=183811 [consult.
2026-06-25] 330 ## $aFotografia do exterior do edifício do Arquivo Histórico Municipal do Porto 675 ## $a061.4(469.121)"1984"(084.5)$vBN$zpor$3313347 675 ## $a766(=1:469)"198"(084.5)$vBN$zpor$31302430 702 #1 $aSotomayor,$bJoão Paulo,$f1942-$4600$31628963 710 01 $aPorto.$bArquivo Histórico Municipal$3324235 801 #0 $aPT$bBN$gRPC 966 ## $lBN$mICONOG$pFrancisco Madeira Luís$sCT. 25956 A.$x3 971 ## $ctoliveira$d20260625
|
|
|